La Construcción de las relaciones cívico-militares en sociedades post-conflicto /

Guardado en:
Bibliografiske detaljer
Hovedforfatter: León - Escribano, Carmen Rosa de
Format: Texto
Tags: Tilføj Tag
Ingen Tags, Vær først til at tagge denne postø!

MARC

LEADER 00000 a a2200000 04500
001 4995
003
040
100 |a León - Escribano, Carmen Rosa de  
245 |a La Construcción de las relaciones cívico-militares en sociedades post-conflicto /  |c Carmen Rosa de León - Escribano 
264 |b Centro de Estudios Estratégicos de Nicaragua  
773 |g número 38; páginas 8-10  
999 |c 20585  |d 20585